000 00866nam a22003137a 4500
001 0002116
003 KOHA_MİRAKIL
005 20260207001303.0
007 ta
008 090216b2003 tu |||gr||||#0|||1|tur |
020 _a9750703103
040 _aTR-BiSEU
_btur
_cTR-BiSEU
_erda
041 0 _atur
044 _ctu
050 _aPL248.A48
_bV45 2003
100 1 _aAltan, Ahmet.
245 1 _aVe kırar göğsüne bastırırken/
_cAhmet Altan ; Ahmet Altan.
264 1 _aİstanbul :
_bCan Yayınları
_c2003
300 _a162 sayfa
336 _ametin
_btxt
_2rdacontent
337 _aaracısız
_bn
_2rdamedia
338 _acilt
_bnc
_2rdacarrier
490 1 _aDüşünce dizisi ;
_v29.
650 0 _aTürk denemeleri.
_96262
650 0 _aTurksihs essays.
_96263
830 1 _aDüşünce dizisi ;
_v29.
_96264
907 _aRoman
942 _2lcc
_cBK
999 _c2103
_d2103